Nitrianska UKF otvara na Spiši nové študijné odbory

Bibliographic Details
Main Author: (afo) (Author)
Corporate Author: Univerzita Konštantína Filozofa v Nitre. Detašované pracovisko v Spišskej Novej Vsi (Author)
Format: Article
Language:Slovak
ISSN:1335-759X
Subjects:

MARC

LEADER 00000nab a2200000 a 4500
001 vtls001020323
003 SK-MaSNL
005 20260304013356.0
008 040720e20021016xo 0 slo
035 |a SN6231 
040 |a SNSK  |b slo  |c SNSK  |e AACR2 
041 0 |a slo 
044 |a xo  |c SK 
080 |a 378  |2 1981 
100 0 |a (afo)  |4 aut  |9 1021720 
245 1 0 |a Nitrianska UKF otvara na Spiši nové študijné odbory 
610 2 7 |a Univerzita Konštantína Filozofa v Nitre.  |b Detašované pracovisko v Spišskej Novej Vsi  |2 snkbucl  |9 180057 
650 0 7 |a odbory nové  |2 SNSK  |9 879155 
651 7 |a Spišská Nová Ves (Slovensko)  |2 SNSK  |9 28800 
651 7 |a SN,  |2 SNSK  |9 1021277 
655 7 |a periodikum  |2 snkbucl  |9 29553 
710 2 |a Univerzita Konštantína Filozofa v Nitre.  |b Detašované pracovisko v Spišskej Novej Vsi  |4 aut  |9 180057 
773 0 8 |t Spišský denník  |g Roč. 4, č.241, 16.10.2002, s. 1  |x 1335-759X 
852 |a ZVYKNI  |b KIS3GCP 
999 |c 2575573  |d 2577503